000
00317nam a22001337a 4500
008
180116b xxu||||| |||| 00| 0 eng d
020
_a
9781888799033
041
_a
eng
080
_a
159.9 RUM
100
_a
48
101
_a
PSI
245
_a
Employment issues and multiple sclerosis
_c
Rumrill,P.D
942
_2
udc
_c
BK
999
_c
40339
_d
40339